| 000 -NÁVESTIE |
| fixed length control field |
00810nam a2200265 a 4500 |
| 008 - ÚDAJE S PEVNOU DĹŽKOU – VŠEOBECNÉ INFORMÁCIE |
| fixed length control field |
960412s1976 m yxo 0 slo c |
| 020 ## - MEDZINÁRODNÉ ŠTANDARDNÉ ČÍSLO KNIHY (ISBN) |
| Medzinárodné štandardné číslo knihy (ISBN) |
8070930764 |
| Údaje o dostupnosti |
21,50 Kčs |
| 040 ## - ZDROJ KATALOGIZÁCIE |
| Pôvodná katalogizujúca agentúra |
SNK |
| Jazyk katalogizácie |
slo |
| Prepisujúca agentúra |
SNK |
| Konvencie popisu |
AACR2 |
| 041 1# - KÓD JAZYKA |
| Kód jazyka textu/zvukovej stopy alebo samostatných nápisov |
slo |
| -- |
ger |
| 044 ## - KÓD KRAJINY VYDAVATEĽA/PRODUCENTA |
| Kód krajiny MARC |
xo |
| Kód krajiny ISO |
SK |
| 080 ## - ČÍSLO MEDZINÁRODNÉHO DESATINNÉHO TRIEDENIA (MDT) |
| Číslo Medzinárodného desatinného triedenia (MDT) |
787.61.087.51 |
| 100 1# - OSOBNÉ MENÁ – VŠEOBECNÉ INFORMÁCIE |
| Osobné meno |
Sor, Fernando |
| Dátumy súvisiace s menom |
1778-1839 |
| Kód roly |
wam |
| 245 10 - NÁZOV |
| Názov |
Etudy a prednesové skladby |
| Médium |
hudobnina |
| Zvyšok názvu |
gitara |
| Údaj o zodpovednosti atď. |
Fernando Sor ; výber a revízia Jozef Zsapka |
| 246 10 - INÁ FORMA NÁZVU |
| Hlavný názov/skrátený názov |
Etüden und Vortragsstücke |
| 246 11 - INÁ FORMA NÁZVU |
| Hlavný názov/skrátený názov |
Etüden und Vortragsstücke |
| 250 ## - ÚDAJ O PORADÍ VYDANIA |
| Údaj o poradí vydania |
2. vyd. |
| 260 ## - VYDAVATEĽSKÉ ÚDAJE, DISTRIBÚCIA ATĎ. |
| Miesto publikovania, distribúcie atď. |
Bratislava |
| Názov vydavateľa, distibútora atď. |
Opus |
| Dátum publikovania, distribúcie atď. |
1976 |
| 300 ## - FYZICKÝ POPIS |
| Rozsah |
52 s. |
| Rozmery |
30x21 cm |
| 500 ## - VŠEOBECNÁ POZNÁMKA |
| Formátovaná poznámka o obsahu |
Súbež. názov a text nem. |
| 500 ## - VŠEOBECNÁ POZNÁMKA |
| Formátovaná poznámka o obsahu |
2500 výt. |
| 650 07 - PRIDANÝ VSTUP – PREDMET – TEMATICKÉ HESLO |
| Tematické heslo alebo geografický názov ako vstupný prvok |
inštrumentálna tvorba |
| Všeobecný pododdiel |
etudy |
| -- |
gitara |
| Zdroj hesla alebo termínu |
SNK |
| 700 1# - PRIDANÝ VSTUP – OSOBNÉ MENO |
| Osobné meno |
Zsapka, Jozef |
| Kód roly |
adp |
| 924 ## - |
| -- |
gitara |
| 958 ## - Formálny deskriptor |
| Formálny deskriptor |
HHU |